General Knowledge Pictures - Beginning 'X - Y - Z' - Statistics

General Stats
  • This quiz has been taken 109 times
  • The average score is 18 of 28
Answer Stats
Picture Answer % Correct
Yoga
96%
Zebra
96%
Zip
94%
Xylophone
92%
Yen
88%
Yolk
88%
Yeti
86%
Yacht
80%
Yemen
79%
Yogi bear
78%
Yarn
76%
X-ray
75%
Xenon
73%
Yo-Yo
73%
Yurt
67%
Zambia
67%
Zimbabwe
67%
Yam
59%
Yellowstone
59%
Yard
54%
Yukon
52%
Zodiac
44%
Yuan
40%
Yoke
39%
Yale lock
38%
Yeoman
36%
Yearling
11%
Yashmak
9%
No matching quizzes found
Score Distribution
Percent of People with Each Score
Percentile by Number Answered
Your Score History
You have not taken this quiz